Les prénoms des garçons les plus forts au foot - Statistiques

Statistiques générales
  • Ce quiz a été pris 215 fois
  • Le résultat moyen est 3 sur 10
Statistiques - réponses
TOP Prénoms % Correct
3 Lucas
59%
1 Théo
48%
5 Noah
34%
2 Arthur
27%
10 Mattéo
21%
8 Rayan
18%
4 Hamza
16%
9 Axel
14%
7 Martin
12%
6 Amine
9%
Aucun quiz correspondant
Distribution des résultats
% des personnes avec chaque résultat
Percentile par nombre de réponses
Votre historique - résultats
Vous n’avez pas pris ce quiz